书目信息 |
| 题名: |
小丑, 马戏团的眼泪
|
|
| 作者: | 陆支羽 著 | |
| 分册: | ||
| 出版信息: | 南京 江苏凤凰文艺出版社 2017.09 |
|
| 页数: | 284页 | |
| 开本: | 24cm | |
| 丛书名: | ||
| 单 册: | ||
| 中图分类: | K815.78 , J905.1 | |
| 科图分类: | ||
| 主题词: | 电影导演--dian ying dao yan--人物研究--世界 , 电影评论--dian ying ping lun--世界 | |
| 电子资源: | ||
| ISBN: | 978-7-5594-0898-3 | |
| 000 | 01346nam0 2200289 450 | |
| 001 | CAL 0120172277829 | |
| 005 | 20181203155707.96 | |
| 010 | @a978-7-5594-0898-3@b@dCNY45.00 | |
| 100 | @a20170918d2017 em y0chiy50 ea | |
| 101 | 0 | @achi |
| 102 | @aCN@b320000 | |
| 105 | @aa z 000yy | |
| 106 | @ar | |
| 200 | 1 | @a小丑, 马戏团的眼泪@Axiao chou , ma xi tuan de yan lei@e世界电影史23位传奇导演@d= The clown, the tears of the circus@ethe 23 legendary directors in film history@f陆支羽著@g@zeng |
| 210 | @a南京@c江苏凤凰文艺出版社@d2017.09 | |
| 215 | @a284页@c彩图@d24cm | |
| 330 | @a本书作者精选23位世界级导演及其经典代表作品, 以深入浅出的方式, 独具特色的笔触, 鞭辟入里的有趣分析, 糅合热爱、分析、提炼、鉴赏, 在这个全民影评家的时代, 教你成为一个真正会看电影的人, 体验电影带来的迷影人生。书中既有我们熟悉的中国面孔如侯孝贤、杨德昌、姜文, 也会有深受影迷喜爱的国外导演。 | |
| 510 | 1 | @aClown, the tears of the circus@ethe 23 legendary directors in film history@zeng |
| 517 | 1 | @a世界电影史23位传奇导演@Ashi jie dian ying shi 23 wei chuan qi dao yan |
| 606 | 0 | @a电影导演@Adian ying dao yan@x人物研究@y世界 |
| 606 | 0 | @a电影评论@Adian ying ping lun@y世界 |
| 690 | @aK815.78@v5 | |
| 690 | @aJ905.1@v5 | |
| 701 | 0 | @a陆支羽@Alu zhi yu@4著 |
| 801 | 0 | @aCN@b人天书店@c20170918@g |
| 905 | @aBZT@dK815.78@e3 | |
| 906 | @dCNY45.00@n3@r1 | |
| 小丑, 马戏团的眼泪:世界电影史23位传奇导演= The clown, the tears of the circus:the 23 legendary directors in film history/陆支羽著.-南京:江苏凤凰文艺出版社,2017.09 |
| 284页:彩图;24cm |
| ISBN 978-7-5594-0898-3:CNY45.00 |
| 本书作者精选23位世界级导演及其经典代表作品, 以深入浅出的方式, 独具特色的笔触, 鞭辟入里的有趣分析, 糅合热爱、分析、提炼、鉴赏, 在这个全民影评家的时代, 教你成为一个真正会看电影的人, 体验电影带来的迷影人生。书中既有我们熟悉的中国面孔如侯孝贤、杨德昌、姜文, 也会有深受影迷喜爱的国外导演。 |
| ● |
| 相关链接 |
|
|
|
正题名:小丑, 马戏团的眼泪
索取号:K815.78/3
 
预约/预借
| 序号 | 登录号 | 条形码 | 馆藏地/架位号 | 状态 | 备注 |
| 1 | 850382 | 2000850382 | 第二书库/ [索取号:K815.78/3] | 在馆 | |
| 2 | 850383 | 2000850383 | 第二书库/ [索取号:K815.78/3] | 在馆 | |
| 3 | 850384 | 2000850384 | 第二书库/ [索取号:K815.78/3] | 在馆 |